| LEADER |
00917nam0a2200229 450 |
| 001 |
16864641 |
| 010 |
|
|
|a 978-2-408-04594-4
|b cart.
|d 12,9
|
| 100 |
|
|
|a 20230417d2023 u u0frey01 ba
|
| 101 |
1 |
|
|a fre
|c fre
|
| 102 |
|
|
|a FR
|
| 200 |
0 |
|
|a Ma meilleure (pire) journée
|f Marianna Coppo
|g traduit de l'anglais par Emmanuel Gros
|
| 207 |
|
1 |
|a
|
| 215 |
|
|
|a 1 vol. (44 p.)
|c illustrations en couleur
|d 30 x 23 cm
|
| 300 |
|
|
|a Petite enfance
|
| 330 |
|
|
|a Un regard tendre et humoristique sur ces journées où rien ne va mais où un petit rien peut faire très vite changer d'humeur. Electre 2023
|
| 606 |
0 |
|
|a Colère
|x Ouvrages pour la jeunesse
|
| 606 |
0 |
|
|a Ecole
|x Ouvrages pour la jeunesse
|
| 700 |
|
0 |
|a Coppo
|b Marianna
|4 70
|
| 702 |
|
0 |
|a Gros
|b Emmanuel
|f 1985-....
|4 730
|
| 900 |
|
|
|a Album
|
| 901 |
|
|
|a Jeunesse
|
| 995 |
|
|
|a Médiathèque
|c Médiathèque
|f 00156008868952
|h 00156008868952
|k A COP BB
|o p
|q j
|r az
|e Médiathèque
|